Tácito en España

-д хадгалсан:
Номзүйн дэлгэрэнгүй
Үндсэн зохиолч: Sanmarti Boncompte, Francisco (Зохиогч)
Формат: Ном
Хэл сонгох:испани
Хэвлэсэн: Barcelona Consejo Superior de Investigaciones Científicas 1951
Цуврал:Humanística, 2
Нөхцлүүд:
Шошгууд: Шошго нэмэх
Шошго байхгүй, Энэхүү баримтыг шошголох эхний хүн болох!

MARC

LEADER 00000nam a2200000 a 4500
001 UCP9317
003 CL-VaPUC
008 000324e19510000SP |||||||||||||||||spa|d
082 0 4 |a 870  |b SAN  |2 21 
100 0 |a Sanmarti Boncompte, Francisco  |e author  |9 439808 
245 1 0 |a Tácito en España 
300 |a 216 p 
942 |c BK 
945 |d 20000324 00:00:00  |a crobeson 
260 |a Barcelona  |b Consejo Superior de Investigaciones Científicas  |c 1951 
600 0 |a Tácito, Cornelio  |9 438184 
650 0 |a Historiadores  |9 314498 
650 0 |a Literatura latina   |9 258055 
650 0 |a Crítica literaria   |9 269189 
650 0 |a Bibliografías   |9 257071 
650 7 |a ESTUDIOS FILOLOGICOS  |2 CL-VaPUC  |9 439809 
583 |a last modification  |c 20000324 00:00:00  |k Rodrigo Vera 
490 0 |a Humanística, 2 
999 |c 286143  |d 286141 
952 |0 0  |1 0  |4 0  |6 870_000000000000000_SAN_1951  |7 0  |8 A  |9 331604  |a BIBHIS  |b BIBHIS  |d 2019-11-20  |i 1397427  |o 870 SAN 1951  |p 1397427  |r 2025-01-20  |w 2019-11-20  |y BK  |k HIS